000
00308nam a2200133Ia 4500
003
OSt
005
20240425100029.0
008
170524s9999 xx 000 0 und d
020
_a
9780471137726
040
_c
IIMTU MEERUT
100
_a
COHEN- D.
245
0
_a
INTRODUCTION TO COMPUTER THEORY
942
_2
ddc
_c
02
999
_c
3504
_d
3504